La Repressió franquista a Catalunya : 1938-1953 / Josep M. Solé i Sabaté ; presentació de Josep Benet ; pròleg de Josep Termes 1938-1953 / Josep M. Solé i Sabaté ; presentació de Josep Benet ; pròleg de Josep Termes
Descripción Física:
616 p. : amb map., [16] p. de làm. ; 24 cm
Colección:
Catalunya sota el franquisme ; 1
Materias:
Franquisme -- Catalunya -- 1938/1953
MARC
| LEADER | 00000nam a2200000Ia 4500 | ||
|---|---|---|---|
| 001 | 1692 | ||
| 008 | 160829s1985 xx 000 0 cat d | ||
| 080 | |a H-1-293 | ||
| 100 | |a Solé i Sabaté, Josep M. |e autor |9 23574 | ||
| 245 | |a La Repressió franquista a Catalunya : |b 1938-1953 / Josep M. Solé i Sabaté ; presentació de Josep Benet ; pròleg de Josep Termes | ||
| 260 | |a Barcelona : |b Edicions 62, |c 1985 | ||
| 300 | |a 616 p. : |b amb map., [16] p. de làm. ; |c 24 cm | ||
| 490 | |a Catalunya sota el franquisme ; 1 | ||
| 650 | |a Franquisme |x Catalunya |x 1938/1953 |9 36920 | ||
| 700 | 1 | |a Benet, Josep, |d 1920-2008 |e autor d'un pròleg |9 30323 | |
| 700 | 1 | |a Termes, Josep, |d 1936-2011 |e autor d'un pròleg |9 37159 | |
| 901 | |a Arxiu | ||
| 942 | |n 1 |2 udc | ||
| 952 | |0 0 |1 0 |4 0 |6 H1293 |7 1 |9 47570 |a Arxiu |b Arxiu |d 2016-12-01 |l 0 |o H-1-293 |p 1692 |r 2016-12-01 00:00:00 |w 2016-12-01 |y ARXIU | ||
| 999 | |c 51369 |d 51369 | ||